| 000 | 00822nam a2200229 a 4500 | ||
|---|---|---|---|
| 001 | 53993 | ||
| 003 | BD-RjUL | ||
| 005 | 20211209080045.0 | ||
| 008 | 161031s2005 bg ||||| |||| 00| 0 ben d | ||
| 020 | _c: Tk.65.00 | ||
| 035 | _a(BD-RjUL)54115 | ||
| 040 |
_aBD-RjUL _bben _cBD-RjUL _dBD-RjUL |
||
| 041 | _aben | ||
| 082 |
_223 _a891.51 _bRUU 2005 |
||
| 100 |
_aরুবাইয়াৎ, ইবনে সালাম _9161237 |
||
| 245 | 1 | 0 |
_aউস্তাদসংগী পানপেয়ালা / _cইবনে সালাম রুবাইয়াৎ, |
| 260 |
_aঢাকা : _bজীবন্তিকা, _c২০০৫. |
||
| 300 |
_a৪৮ পৃ. ; _c২৩ সেমি. |
||
| 650 |
_aফার্সি সাহিত্য _9124131 |
||
| 650 |
_aPersian literature _9161238 |
||
| 942 |
_2ddc _cBK |
||
| 999 |
_c53993 _d53993 |
||